Every WWE Royal Rumble Winner 1988-2024 - Statistics

General Stats
  • This quiz has been taken 62 times
    25 since last reset
  • The average score is 37 of 46
Answer Stats
Hint Answer % Correct
2004 Chris Benoit
100%
1994 (Co Winner) Bret Hart
87%
2008 John Cena
87%
2013 John Cena
87%
2009 Randy Orton
87%
2017 Randy Orton
87%
1995 Shawn Michaels
87%
1996 Shawn Michaels
87%
2011 Alberto Del Rio
83%
2005 Batista
83%
2014 Batista
83%
2003 Brock Lesnar
83%
2022 Men's Brock Lesnar
83%
2023 Men's Cody Rhodes
83%
2024 Men's Cody Rhodes
83%
2010 Edge
83%
2021 Men's Edge
83%
1990 Hulk Hogan
83%
1991 Hulk Hogan
83%
2015 Roman Reigns
83%
2019 Men's Seth Rollins
83%
2012 Sheamus
83%
1997 Stone Cold Steve Austin
83%
1998 Stone Cold Steve Austin
83%
2001 Stone Cold Steve Austin
83%
2000 The Rock
83%
2002 Triple H
83%
2016 Triple H
83%
1999 Vince McMahon
83%
2024 Women's Bayley
78%
2019 Women's Becky Lynch
78%
2021 Women's Bianca Belair
78%
2020 Women's Charlotte Flair
78%
2006 Rey Mysterio
78%
2018 Men's Shinsuke Nakamura
78%
2007 The Undertaker
78%
1993 Yokozuna
78%
2018 Women's Asuka
74%
Greatest Rumble Braun Strowman
74%
2020 Men's Drew McIntyre
74%
1988 Jim Duggan
74%
1994 (Co Winner) Lex Luger
74%
1992 Ric Flair
74%
2023 Women's Rhea Ripley
70%
2022 Women's Ronda Rousey
70%
1989 Big John Studd
65%
No matching quizzes found
Score Distribution
Percent of People with Each Score
Percentile by Number Answered
Your Score History
You have not taken this quiz since the last reset